00452nam a2200181 a 4500001001300000003000900013005001700022008004100039020001200080082001900092100002000111245002000131260003400151300000900185500003500194505001600229650002500245nice12345678IN_TiNIC20260116011703.0050524s1974 oxfa grp 000 0 eng  ac53.2500a909.04927bSCH aSchacht, Joseph aLegacy of Islam aOxfordbClarendon Pressc1974 a530p aincludes index and biblioraphy2 aIndex, Ill. aCivilization-Islamic